Famous Assassinations and Murders on the Map - Statistics

General Stats
  • This quiz has been taken 1,982 times
    571 since last reset
  • The average score is 11 of 21
Answers on the Map
Answers color-coded by a green-red scale on the quiz's map according to % correct below.
 
Answer Stats
Year Person % Correct
1963 John F. Kennedy
98%
1914 Franz Ferdinand
89%
44 BC Julius Caesar
89%
1865 Abraham Lincoln
87%
1948 Mohandas Gandhi
81%
1968 Martin Luther King, Jr.
77%
2011 Muammar Gaddafi
68%
1980 John Lennon
60%
2022 Shinzo Abe
56%
1901 William McKinley
52%
1940 Leon Trotsky
46%
1916 Rasputin
46%
1996 Tupac Shakur
38%
2017 Kim Jong-nam
37%
1981 Anwar Sadat
36%
2007 Benazir Bhutto
31%
1995 Yitzhak Rabin
29%
1978 Harvey Milk
28%
1170 Thomas Becket
27%
1979 Park Chung-hee
17%
1948 Jorge Eliécer Gaitán
3%
No matching quizzes found
Score Distribution
Percent of People with Each Score
Percentile by Number Answered
Your Score History
You have not taken this quiz since the last reset